| 000 | 00000nam##2200000za#4500 |
| 001 | 9.601940 |
| 003 | CaOODSP |
| 005 | 20210624210322 |
| 007 | cr ||||||||||| |
| 008 | 150406|1998||||xxc|||||o f|0| 0 fre|d |
| 040 | |aCaOODSP|bfre |
| 043 | |an-cn--- |
| 086 | 1 |aTU3-5/98-37F-PDF |
| 110 | 2 |aBureau de la sécurité des transports du Canada. |
| 245 | 10|aIncendie en vol menant à un impact avec un plan d'eau, McDonnell Douglas MD-11 HB-IWF, exploité par Swissair Transport Limited, 5 nm au sud-ouest de Peggy's Cove (Nouvelle-Écosse), le 2 septembre 1998 |h[ressource électronique] |
| 260 | |aGatineau - Québec : |bBureau de la sécurité des transports du Canada |c[2003]. |
| 300 | |a390p.|bcarte en couleur, figures (certaines en couleur), glossaire, tableaux, photographies |
| 490 | 1 |aRapport d'enquête aéronautique |vA98H0003 |
| 500 | |a«La publication de ce rapport a été autorisée par le Bureau le 27 mars 2003.»--p.345 de 390. |
| 590 | |a12-18-Supp|b2012-04-25 |
| 775 | 08|tIn-flight fire leading to collision with water, Swissair Transport Limited, McDonnell Douglas MD-11 HB-IWF, Peggy's Cove, Nova Scotia 5nm SW, 2 September 1998 |w(CaOODSP)9.571326 |
| 830 | #0|aRapport d'enquête aéronautique ;|vA98H0003|w(CaOODSP)9.501229 |
| 856 | 40|ahttp://publications.gc.ca|qPDF|s44 Ko|uhttps://publications.gc.ca/collections/collection_2011/bst-tsb/TU3-5-98-37-fra.pdf|yA98H0003 |